[Event "Regionalliga NO 0506"]
[Site "Bayern"]
[Date "2005.12.11"]
[Round "4.1"]
[White "Kaeppel, Roland"]
[Black "Kordts, Wolfgang"]
[Result "1/2-1/2"]
[WhiteElo "2046"]
[BlackElo "2117"]
[PlyCount "157"]
[EventDate "2005.10.23"]
[EventType "team-tourn"]
[EventRounds "9"]
[EventCountry "GER"]
[SourceTitle "EXT 2007"]
[Source "ChessBase"]
[SourceDate "2006.11.23"]
[SourceVersion "1"]
[SourceVersionDate "2006.11.23"]
[SourceQuality "1"]

1. d4 d5 2. c4 c6 3. Nf3 Nf6 4. e3 Bf5 5. Qb3 Qb6 6. Nc3 e6 7. Be2 h6 8. 0-0 Nbd7 9. Bd2 Be7 10. Rac1 0-0 11. Rfd1 Rac8 12. Be1 Rfd8 13. Qxb6 axb6 14. Nd2 Ra8 15. f3 dxc4 16. e4 Bh7 17. Bxc4 b5 18. Bb3 e5 19. Bf2 exd4 20. Bxd4 Nc5 21. Ne2 Nd3 22. Rb1 Rxd4 23. Nxd4 Bc5 24. Bxf7+ Kxf7 25. N2b3 Bxd4+ 26. Nxd4 Ne5 27. a3 Ke7 28. Nc2 Bg8 29. Ne3 g6 30. Rd2 Bb3 31. Rc1 Rd8 32. Rxd8 Kxd8 33. f4 Nc4 34. Nxc4 Bxc4 35. Re1 Ke7 36. Kf2 Ke6 37. h3 Nd7 38. b4 Nb6 39. g4 g5 40. f5+ Ke5 41. Kf3 Bb3 42. h4 Nc4 43. hxg5 hxg5 44. Rh1 Bc2 45. Rh5 Bxe4+ 46. Kg3 Nxa3 47. Rxg5 Nc2 48. Rg7 Kf6 49. Rxb7 Nxb4 50. Rb8 Nd3 51. Re8 Bd5 52. Rf8+ Ke7 53. Rb8 Be4 54. Rb7+ Kf6 55. Rh7 b4 56. Rh6+ Kg7 57. Rg6+ Kf7 58. g5 b3 59. Rf6+ Ke7 60. Re6+ Kd7 61. Rxe4 b2 62. Rd4+ Ke7 63. Rxd3 b1Q 64. f6+ Ke6 65. Re3+ Kf5 66. f7 Qg1+ 67. Kf3 Kxg5 68. Re5+ Kg6 69. f8N+ Kf7 70. Rf5+ Ke7 71. Ke4 Qb1+ 72. Kf4 Qb4+ 73. Ke5 c5 74. Ng6+ Kd7 75. Rf7+ Kc6 76. Ne7+ Kb5 77. Nd5 Qd4+ 78. Kd6 Ka4 79. Rf4 1/2-1/2

[Event "Regionalliga NO 0506"]
[Site "Bayern"]
[Date "2005.11.13"]
[Round "2.1"]
[White "Kaeppel, Roland"]
[Black "Eiber, Manfred"]
[Result "1/2-1/2"]
[WhiteElo "2046"]
[BlackElo "2206"]
[PlyCount "105"]
[EventDate "2005.10.23"]
[EventType "team-tourn"]
[EventRounds "9"]
[EventCountry "GER"]
[SourceTitle "EXT 2007"]
[Source "ChessBase"]
[SourceDate "2006.11.23"]
[SourceVersion "1"]
[SourceVersionDate "2006.11.23"]
[SourceQuality "1"]

1. d4 d5 2. Nf3 Nf6 3. c4 e6 4. g3 Bb4+ 5. Bd2 Bxd2+ 6. Nbxd2 0-0 7. Bg2 Nbd7 8. 0-0 b6 9. cxd5 exd5 10. b4 Bb7 11. Rc1 Re8 12. Re1 c6 13. Qb3 h6 14. Bh3 a5 15. a3 axb4 16. axb4 Qe7 17. Rc3 Qd6 18. e3 b5 19. Rb1 Ra4 20. Ne1 Nb6 21. Nc2 Ra7 22. Re1 Nc4 23. Nxc4 dxc4 24. Qb2 Ne4 25. Ra3 Rxa3 26. Qxa3 Ra8 27. Qc1 Ra2 28. Bg2 Qg6 29. Re2 Nc3 30. Rd2 Ne4 31. Re2 h5 32. f3 Nc3 33. Rd2 h4 34. Kf2 Qf5 35. Kg1 h3 36. g4 Qh7 37. Bf1 f5 38. Ne1 Rxd2 39. Qxd2 Nd5 40. gxf5 Qxf5 41. e4 Qf4 42. Qxf4 Nxf4 43. Kf2 Bc8 44. Ke3 g5 45. Nc2 Kf7 46. Na3 Bd7 47. Nb1 Ke7 48. Nc3 Kd6 49. Nd1 Ke7 50. Nc3 Kf6 51. Nd1 Kg6 52. Nc3 Kf6 53. Nd1 1/2-1/2

[Event "Oberliga Bayern 0304"]
[Site "Bayern"]
[Date "2003.11.02"]
[Round "2.4"]
[White "Kaeppel, Roland"]
[Black "Kaiser, Wolfgang1"]
[Result "1/2-1/2"]
[WhiteElo "2096"]
[BlackElo "2328"]
[PlyCount "83"]
[EventDate "2003.10.12"]
[EventType "team-tourn"]
[EventRounds "9"]
[EventCountry "GER"]
[SourceTitle "EXT 2006"]
[Source "ChessBase"]
[SourceDate "2005.11.24"]
[SourceVersion "1"]
[SourceVersionDate "2005.11.24"]
[SourceQuality "1"]
[WhiteTeam "Schwabach"]
[BlackTeam "Passau"]
[WhiteTeamCountry "GER"]
[BlackTeamCountry "GER"]

1. d4 Nf6 2. c4 e6 3. Nc3 Bb4 4. e3 c5 5. Nge2 cxd4 6. exd4 0-0 7. a3 Be7 8. d5 exd5 9. cxd5 Re8 10. g3 d6 11. Bg2 Nbd7 12. 0-0 Nb6 13. a4 Bf8 14. a5 Nc4 15. Qa4 Ne5 16. Bg5 Bd7 17. Qb3 h6 18. Be3 Qc8 19. Nb5 Qc4 20. Qxc4 Nxc4 21. Nc7 Rxe3 22. fxe3 Rc8 23. Rfc1 Nxb2 24. Rcb1 Rxc7 25. Rxb2 Be7 26. Rc1 Rxc1+ 27. Nxc1 Bd8 28. Rxb7 Bxa5 29. Rxa7 Bd2 30. Ra8+ Kh7 31. Nd3 Bb5 32. Nf2 Bxe3 33. Bf3 Bc4 34. Rd8 Bc5 35. Kg2 Bxd5 36. Bxd5 Nxd5 37. Ne4 Ne3+ 38. Kf3 Nf5 39. Nxc5 dxc5 40. Rc8 Nd4+ 41. Ke4 Ne6 42. Kf5 1/2-1/2

[Event "Regionalliga NO 0102"]
[Site "Bayern"]
[Date "2001.11.11"]
[Round "2.4"]
[White "Kaeppel, Roland"]
[Black "Hofmann, Martin"]
[Result "1/2-1/2"]
[WhiteElo "2145"]
[BlackElo "2020"]
[PlyCount "63"]
[EventDate "2001.10.07"]
[EventType "team-tourn"]
[EventRounds "9"]
[EventCountry "GER"]
[SourceTitle "EXT 2003"]
[Source "ChessBase"]
[SourceDate "2002.11.25"]
[SourceVersion "1"]
[SourceVersionDate "2002.11.25"]
[SourceQuality "1"]
[WhiteTeam "Nuernberg II"]
[BlackTeam "Weiden"]
[WhiteTeamCountry "GER"]
[BlackTeamCountry "GER"]

1. d4 Nf6 2. c4 c5 3. d5 b5 4. cxb5 a6 5. b6 Qxb6 6. Nc3 d6 7. e4 g6 8. Nf3 Bg7 9. Be2 0-0 10. Nd2 Qc7 11. 0-0 Nbd7 12. Rb1 Nb6 13. b3 e6 14. dxe6 fxe6 15. Nc4 Nfd7 16. Bb2 Bd4 17. Bg4 Ne5 18. Nxe5 Bxe5 19. Ne2 d5 20. Bxe5 Qxe5 21. Qc2 c4 22. f4 Qd6 23. Rbd1 e5 24. Bf3 Qc5+ 25. Kh1 dxe4 26. Bxe4 Bf5 27. fxe5 Qxe5 28. Bxf5 Rxf5 29. Rxf5 gxf5 30. bxc4 Re8 31. Ng1 Rc8 32. Nf3 1/2-1/2

[Event "Nuremberg-ch op 01st"]
[Site "Nuremberg"]
[Date "2001.06.03"]
[Round "3"]
[White "Laibold, Lorenz"]
[Black "Kaeppel, Roland"]
[Result "0-1"]
[WhiteElo "1534"]
[BlackElo "2159"]
[PlyCount "70"]
[EventDate "2001.06.01"]
[EventType "swiss"]
[EventRounds "5"]
[EventCountry "GER"]
[SourceTitle "EXT 2003"]
[Source "ChessBase"]
[SourceDate "2002.11.25"]
[SourceVersion "1"]
[SourceVersionDate "2002.11.25"]
[SourceQuality "1"]

1. e4 c6 2. d4 d5 3. e5 Bf5 4. c4 e6 5. Nf3 Ne7 6. Nc3 Nd7 7. cxd5 Nxd5 8. Bd3 Bb4 9. Qc2 Bg4 10. Ng5 Be7 11. Nge4 Nb4 12. Qd2 Nxe5 13. Bf1 Qxd4 14. Qxd4 Nc2+ 15. Kd2 Nxd4 16. h3 Bh5 17. f4 Nd7 18. Bd3 0-0-0 19. g4 Bg6 20. Rf1 f5 21. gxf5 exf5 22. Ng3 Nc5 23. Rb1 Bh4 24. Nh1 Rhe8 25. b4 Nxd3 26. Kxd3 Bf7 27. a4 b5 28. axb5 cxb5 29. Be3 Bc4+ 30. Kd2 Ne2+ 31. Kc2 Nxc3 32. Kxc3 Rxe3+ 33. Kb2 Bf6+ 34. Kc2 Rc3+ 35. Kb2 Rd2+ 0-1

[Event "Nuremberg-ch op 01st"]
[Site "Nuremberg"]
[Date "2001.06.01"]
[Round "1"]
[White "Weissmann, Peter"]
[Black "Kaeppel, Roland"]
[Result "1-0"]
[WhiteElo "1689"]
[BlackElo "2159"]
[PlyCount "33"]
[EventDate "2001.06.01"]
[EventType "swiss"]
[EventRounds "5"]
[EventCountry "GER"]
[SourceTitle "EXT 2003"]
[Source "ChessBase"]
[SourceDate "2002.11.25"]
[SourceVersion "1"]
[SourceVersionDate "2002.11.25"]
[SourceQuality "1"]

1. e4 c5 2. Nf3 e6 3. d4 cxd4 4. Nxd4 a6 5. Bd3 Nc6 6. Nxc6 bxc6 7. Be3 d5 8. 0-0 d4 9. Bf4 Ne7 10. Nd2 Ng6 11. Bg3 e5 12. Nc4 f6 13. f4 exf4 14. Bxf4 Nxf4 15. Rxf4 Be6 16. Qe2 Bc5 17. Qh5+ 1-0

[Event "Oberliga Bayern 0001"]
[Site "Bayern"]
[Date "2000.12.10"]
[Round "3"]
[White "Kaeppel, Roland"]
[Black "Zellner, Robert"]
[Result "1-0"]
[WhiteElo "2120"]
[BlackElo "2115"]
[PlyCount "79"]
[EventDate "2000.10.15"]
[EventType "team-tourn"]
[EventRounds "9"]
[EventCountry "GER"]
[SourceTitle "EXT 2020"]
[Source "ChessBase"]
[SourceDate "2019.10.17"]
[SourceVersion "1"]
[SourceVersionDate "2019.10.17"]
[SourceQuality "1"]
[WhiteTeam "Nuernberg Noris Tarrasch"]
[BlackTeam "Schwabing SG Nord"]
[WhiteTeamCountry "GER"]
[BlackTeamCountry "GER"]

1. d4 Nf6 2. c4 g6 3. Nc3 Bg7 4. e4 d6 5. Nf3 0-0 6. Be2 e5 7. 0-0 Nc6 8. d5 Ne7 9. Ne1 Nd7 10. Be3 f5 11. f3 f4 12. Bf2 g5 13. Rc1 Ng6 14. c5 Nxc5 15. b4 Na6 16. Nb5 Rf7 17. Nd3 b6 18. Rc3 Bb7 19. Qc2 Qd7 20. a4 Bf6 21. Rc1 Bd8 22. Be1 h5 23. h3 Nh4 24. Qb3 Kh8 25. Nf2 Rg7 26. Qb2 Nb8 27. Qc2 Na6 28. Rc4 Qf7 29. Ra1 Qg6 30. Qc1 Bc8 31. Ra2 Bd7 32. Rac2 Qe8 33. Qa3 Ng6 34. R4c3 Ne7 35. Rb2 Rg6 36. Nxd6 Rxd6 37. Bxa6 c6 38. dxc6 Bxc6 39. b5 Bc7 40. bxc6 1-0

[Event "Oberliga Bayern 0001"]
[Site "Bayern"]
[Date "2000.11.12"]
[Round "2"]
[White "Oechslein, Rainer"]
[Black "Kaeppel, Roland"]
[Result "1/2-1/2"]
[WhiteElo "2240"]
[BlackElo "2120"]
[PlyCount "48"]
[EventDate "2000.10.15"]
[EventType "team-tourn"]
[EventRounds "9"]
[EventCountry "GER"]
[SourceTitle "EXT 2020"]
[Source "ChessBase"]
[SourceDate "2019.10.17"]
[SourceVersion "1"]
[SourceVersionDate "2019.10.17"]
[SourceQuality "1"]
[WhiteTeam "Marktheidenfeld"]
[BlackTeam "Nuernberg Noris Tarrasch"]
[WhiteTeamCountry "GER"]
[BlackTeamCountry "GER"]

1. e4 c6 2. d3 d5 3. Nd2 e5 4. Ngf3 Bd6 5. g3 Nf6 6. Bg2 0-0 7. 0-0 Re8 8. Re1 Nbd7 9. c3 b6 10. d4 dxe4 11. Nxe5 Bxe5 12. dxe5 Nxe5 13. Nxe4 Nxe4 14. Qxd8 Rxd8 15. Bxe4 Bg4 16. Kg2 Nd3 17. Bxd3 Rxd3 18. Be3 Rad8 19. f3 Be6 20. Rac1 c5 21. b3 Bd5 22. Kf2 Bb7 23. Rc2 h6 24. Ree2 Kf8 1/2-1/2

[Event "Regionalliga NO 9900"]
[Site "Bayern"]
[Date "2000.??.??"]
[Round "8.1"]
[White "Biro, Sandor"]
[Black "Kaeppel, Roland"]
[Result "1/2-1/2"]
[WhiteElo "2260"]
[BlackElo "2110"]
[PlyCount "26"]
[EventDate "1999.??.??"]
[EventType "team-tourn"]
[EventRounds "9"]
[EventCountry "GER"]
[SourceTitle "EXT 2020"]
[Source "ChessBase"]
[SourceDate "2019.10.17"]
[SourceVersion "1"]
[SourceVersionDate "2019.10.17"]
[SourceQuality "1"]
[WhiteTeam "Postbauer"]
[BlackTeam "Nuernberg Noris Tarrasch II"]
[WhiteTeamCountry "GER"]
[BlackTeamCountry "GER"]

1. e4 c6 2. Nf3 d5 3. Nc3 Bg4 4. h3 Bh5 5. Be2 e6 6. a3 dxe4 7. Nxe4 Nd7 8. d4 Be7 9. Bf4 Nb6 10. 0-0 Nf6 11. Nc5 Nbd5 12. Bh2 b6 13. Nd3 Nd7 1/2-1/2

[Event "BL2-Ost 9899"]
[Site "Germany"]
[Date "1999.01.31"]
[Round "5.8"]
[White "Kaeppel, Roland"]
[Black "Burmeister, Rick"]
[Result "0-1"]
[WhiteElo "2135"]
[BlackElo "2355"]
[PlyCount "72"]
[EventDate "1998.10.18"]
[EventType "team-tourn"]
[EventRounds "9"]
[EventCountry "GER"]
[SourceTitle "GER-chT2"]
[Source "ChessBase"]
[SourceDate "1999.07.01"]
[SourceVersion "1"]
[SourceVersionDate "1999.07.01"]
[SourceQuality "1"]
[WhiteTeam "Nuernberg"]
[BlackTeam "Schott Mainz"]
[WhiteTeamCountry "GER"]
[BlackTeamCountry "GER"]

1. d4 e6 2. c4 f5 3. Nf3 Nf6 4. Nc3 Be7 5. Bf4 0-0 6. e3 Ne4 7. h3 Nxc3 8. bxc3 d6 9. Bd3 b6 10. Qe2 Bb7 11. 0-0 Nd7 12. Bh2 Qe8 13. Rab1 Rb8 14. Rfe1 Nf6 15. Nd2 Qg6 16. e4 Rbe8 17. f3 Nh5 18. e5 Bg5 19. exd6 cxd6 20. Bxd6 e5 21. Bxe5 Nf4 22. Qf1 Nxh3+ 23. gxh3 Bxd2+ 24. Qg2 Bxe1 25. Rxe1 Bxf3 26. Qxg6 hxg6 27. Kf2 Bb7 28. Rg1 Kf7 29. h4 Rxe5 30. dxe5 Rd8 31. Ke3 Rh8 32. e6+ Kf6 33. e7 Bc6 34. Kf2 Rxh4 35. Re1 Kf7 36. a3 Be4 0-1

[Event "Regionalliga NO 9900"]
[Site "Bayern"]
[Date "1999.??.??"]
[Round "2.1"]
[White "Kaeppel, Roland"]
[Black "Gietl, Thomas"]
[Result "1-0"]
[WhiteElo "2110"]
[BlackElo "2176"]
[PlyCount "85"]
[EventDate "1999.??.??"]
[EventType "team-tourn"]
[EventRounds "9"]
[EventCountry "GER"]
[SourceTitle "EXT 2020"]
[Source "ChessBase"]
[SourceDate "2019.10.17"]
[SourceVersion "1"]
[SourceVersionDate "2019.10.17"]
[SourceQuality "1"]
[WhiteTeam "Nuernberg Noris Tarrasch II"]
[BlackTeam "Schwabach"]
[WhiteTeamCountry "GER"]
[BlackTeamCountry "GER"]

1. d4 f5 2. g3 Nf6 3. Bg2 g6 4. Nh3 Bg7 5. 0-0 0-0 6. c4 d6 7. d5 Nbd7 8. Nf4 Nc5 9. Nc3 a5 10. Qc2 Bd7 11. Be3 Na6 12. Nb5 c5 13. Bd2 Qe8 14. Qb3 a4 15. Qxa4 Ne4 16. Bc1 h6 17. Qc2 g5 18. Ne6 Bxe6 19. dxe6 d5 20. a4 Qc6 21. cxd5 Qxd5 22. f3 Nd6 23. f4 Qxe6 24. Nxd6 exd6 25. Bxb7 Nb4 26. Qd2 Rab8 27. Bg2 g4 28. Rd1 Rfe8 29. e3 Qb3 30. Ra3 Qc4 31. a5 Kh8 32. b3 Qc2 33. a6 Bc3 34. Qxc2 Nxc2 35. Ra2 Nb4 36. Ra4 d5 37. a7 Rbd8 38. Kf2 Kg7 39. Ba3 Nc2 40. Bxc5 Rc8 41. Bd4+ Bxd4 42. exd4 Ne3 43. Rd2 1-0

[Event "Regionalliga NO 9900"]
[Site "Bayern"]
[Date "1999.??.??"]
[Round "3.1"]
[White "Kampmann, Lutz"]
[Black "Kaeppel, Roland"]
[Result "0-1"]
[WhiteElo "2155"]
[BlackElo "2110"]
[PlyCount "74"]
[EventDate "1999.??.??"]
[EventType "team-tourn"]
[EventRounds "9"]
[EventCountry "GER"]
[SourceTitle "EXT 2020"]
[Source "ChessBase"]
[SourceDate "2019.10.17"]
[SourceVersion "1"]
[SourceVersionDate "2019.10.17"]
[SourceQuality "1"]
[WhiteTeam "Amberg SG Siemens"]
[BlackTeam "Nuernberg Noris Tarrasch II"]
[WhiteTeamCountry "GER"]
[BlackTeamCountry "GER"]

1. d4 Nf6 2. c4 e6 3. Nc3 Bb4 4. f3 d5 5. a3 Be7 6. Bg5 0-0 7. e3 b6 8. cxd5 Nxd5 9. Bxe7 Qxe7 10. Qd2 Nd7 11. Bb5 Bb7 12. Rc1 Rac8 13. Nge2 c6 14. Bd3 c5 15. 0-0 Rfd8 16. Nxd5 exd5 17. Nf4 g6 18. Rfe1 Qf6 19. Bb5 Nf8 20. dxc5 bxc5 21. Nd3 Ne6 22. Nf2 c4 23. Ng4 Qg7 24. f4 Nc5 25. Rcd1 a6 26. Bxc4 h5 27. Ne5 dxc4 28. Qxd8+ Rxd8 29. Rxd8+ Kh7 30. Red1 g5 31. R1d7 Nxd7 32. Rxd7 Bd5 33. Rxd5 Qf6 34. Rd7 Kg8 35. Rxf7 Qe6 36. Rc7 gxf4 37. exf4 Qb6+ 0-1

[Event "BL2-Ost 9899"]
[Site "Germany"]
[Date "1998.11.22"]
[Round "2.8"]
[White "Ahner, Andreas"]
[Black "Kaeppel, Roland"]
[Result "1-0"]
[WhiteElo "2235"]
[BlackElo "2135"]
[PlyCount "43"]
[EventDate "1998.10.18"]
[EventType "team-tourn"]
[EventRounds "9"]
[EventCountry "GER"]
[SourceTitle "GER-chT2"]
[Source "ChessBase"]
[SourceDate "1999.07.01"]
[SourceVersion "1"]
[SourceVersionDate "1999.07.01"]
[SourceQuality "1"]
[WhiteTeam "Chemnitz"]
[BlackTeam "Nuernberg"]
[WhiteTeamCountry "GER"]
[BlackTeamCountry "GER"]

1. d4 Nf6 2. c4 e6 3. Nf3 b6 4. Nc3 Bb7 5. a3 d5 6. cxd5 Nxd5 7. Qc2 Be7 8. Bd2 0-0 9. e4 Nxc3 10. Bxc3 Nd7 11. Rd1 Rc8 12. Bb5 c6 13. Bc4 Qc7 14. 0-0 a6 15. Qe2 b5 16. Ba2 c5 17. dxc5 Nxc5 18. Bb1 Rfd8 19. Rc1 Qb8 20. Qe3 Na4 21. Bd4 Bc5 22. Bxc5 1-0

[Event "Mittelfranken-ch"]
[Site "Roethenbach"]
[Date "1996.??.??"]
[Round "3"]
[White "Hirn, Oskar"]
[Black "Kaeppel, Roland"]
[Result "1-0"]
[WhiteElo "2200"]
[BlackElo "2055"]
[PlyCount "67"]
[EventDate "1996.??.??"]
[EventType "swiss"]
[EventRounds "9"]
[EventCountry "GER"]
[SourceTitle "EXT 2004"]
[Source "ChessBase"]
[SourceDate "2003.11.25"]
[SourceVersion "1"]
[SourceVersionDate "2003.11.25"]
[SourceQuality "1"]

1. d4 Nf6 2. g3 e6 3. Bg2 c5 4. Nf3 Nc6 5. 0-0 Be7 6. c4 d5 7. cxd5 exd5 8. Nc3 0-0 9. Bg5 Be6 10. dxc5 Bxc5 11. Rc1 Be7 12. Nd4 Nxd4 13. Qxd4 h6 14. Bf4 Qa5 15. a3 Rac8 16. Qd3 a6 17. b4 Qd8 18. Rfd1 b5 19. Nxd5 Nxd5 20. Rxc8 Qxc8 21. Bxd5 Bxd5 22. Qxd5 Rd8 23. Qb3 Rxd1+ 24. Qxd1 Bf6 25. Qc1 Qc4 26. Qxc4 bxc4 27. a4 c3 28. Bc1 Kf8 29. Kg2 Ke7 30. Kf3 Kd6 31. Ke4 a5 32. bxa5 Kc6 33. Kd3 Kb7 34. Ba3 1-0

[Event "BL2-Ost 9697"]
[Site "Germany"]
[Date "1996.??.??"]
[Round "?.6"]
[White "Kaeppel, Roland"]
[Black "Bauer, Armin"]
[Result "1-0"]
[WhiteElo "2275"]
[BlackElo "2230"]
[PlyCount "125"]
[EventDate "1996.10.??"]
[EventType "team-tourn"]
[EventRounds "9"]
[EventCountry "GER"]
[SourceTitle "GER-chT2"]
[Source "ChessBase"]
[SourceDate "1999.07.01"]
[SourceVersion "1"]
[SourceVersionDate "1999.07.01"]
[SourceQuality "1"]
[WhiteTeam "Nuernberg"]
[BlackTeam "Wuerzburg"]
[WhiteTeamCountry "GER"]
[BlackTeamCountry "GER"]

1. d4 d5 2. c4 c6 3. Nf3 Nf6 4. Nc3 e6 5. cxd5 exd5 6. Qc2 Nbd7 7. Bg5 Be7 8. e3 0-0 9. Bd3 Re8 10. 0-0 Nf8 11. Rab1 Ne4 12. Bf4 Nd6 13. b4 a6 14. a4 g6 15. b5 axb5 16. axb5 Bf5 17. Bxf5 Nxf5 18. bxc6 bxc6 19. Ne5 Rc8 20. Na4 Bd6 21. Nb6 Rc7 22. Qa4 g5 23. Nxc6 Rxc6 24. Qxc6 gxf4 25. Qxd5 Ng7 26. Nc4 Re6 27. exf4 Bc7 28. Qxd8 Bxd8 29. Rfe1 Bc7 30. g3 Rc6 31. Ne5 Bxe5 32. fxe5 Rc7 33. d5 Rd7 34. Red1 Nf5 35. d6 f6 36. f4 Kf7 37. Rb8 h5 38. Rc1 Ne6 39. Rcc8 fxe5 40. fxe5 Nfd4 41. Kg2 Ra7 42. Ra8 Rb7 43. Rcb8 Rd7 44. Rb2 Nd8 45. Rf2+ Ke6 46. Ra5 Nf5 47. Rc5 Nf7 48. Re2 Ra7 49. Rc8 Ra5 50. Re8+ Kd7 51. e6+ Kxe8 52. d7+ Kf8 53. exf7 Rd5 54. Re8+ Kxf7 55. d8Q Ne3+ 56. Kh3 Rxd8 57. Rxd8 Kg6 58. Ra8 Nf5 59. Kg2 Ne3+ 60. Kf3 Ng4 61. h3 Nf6 62. Ra6 Kf5 63. Ra5+ 1-0